| 000 | 00935nam a22002777a 4500 | ||
|---|---|---|---|
| 003 | dpl | ||
| 005 | 20080711111158.0 | ||
| 006 | a|||||r|||||00| 0 | ||
| 008 | 080711t xxu||||| |||| 00| 0 eng d | ||
| 010 | _aENG-90584 | ||
| 020 |
_a0070221944 _c275.00 |
||
| 035 | _aEN-74117 | ||
| 037 | _bDBAD / PUB | ||
| 040 |
_aDPL _bEN |
||
| 082 | _a540 | ||
| 100 |
_aDhawan, Prem _910 |
||
| 245 |
_aQuestion bank in chemistry : _cby Prem Dhawan [and] Vandana Dhawan _bfor class XI / |
||
| 250 | _a5th ed | ||
| 260 |
_aNew Delhi _bTata McGraw-Hill Publishing _c2008 |
||
| 270 |
_a7 West Patel Nagar _bNew Delhi _e110008 |
||
| 300 |
_ax, 574p. : _c24cm.(pbk) _bill. |
||
| 490 | _aTata Mcgraw-Hill's question bank series | ||
| 650 | _aChemistry | ||
| 942 |
_2ddc _cEN _h540 _mDHA |
||
| 999 |
_c14561 _d14561 |
||